<?xml version="1.0" encoding="UTF-8"?>
<marc:record xmlns:marc="http://www.loc.gov/MARC21/slim">
   <marc:leader>00000nam a2200000 a 4500</marc:leader>
   <marc:datafield ind1="1" ind2=" " tag="100">
      <marc:subfield code="a">Geißler, Marie</marc:subfield>
      <marc:subfield code="4">aut</marc:subfield>
      <marc:subfield code="e">Verfasser/-in</marc:subfield>
   </marc:datafield>
   <marc:datafield ind1=" " ind2=" " tag="653">
      <marc:subfield code="a">Reise</marc:subfield>
   </marc:datafield>
   <marc:datafield ind1=" " ind2=" " tag="653">
      <marc:subfield code="a">Ratgeber</marc:subfield>
   </marc:datafield>
   <marc:datafield ind1="0" ind2="0" tag="245">
      <marc:subfield code="a">Auf alles vorbereitet [Lifehacks für unterwegs]</marc:subfield>
   </marc:datafield>
   <marc:datafield ind1="0" ind2="0" tag="245">
      <marc:subfield code="b">wie ein Haargummi jede Reise rettet und 299 andere unentbehrliche Tipps &amp; Kniffe</marc:subfield>
   </marc:datafield>
   <marc:datafield ind1="0" ind2="0" tag="245">
      <marc:subfield code="c">Geißler, Marie</marc:subfield>
   </marc:datafield>
   <marc:datafield ind1=" " ind2="1" tag="264">
      <marc:subfield code="a">Ostfildern</marc:subfield>
      <marc:subfield code="b">DuMont Reiseverlag</marc:subfield>
      <marc:subfield code="c">2017</marc:subfield>
   </marc:datafield>
   <marc:datafield ind1="1" ind2=" " tag="490">
      <marc:subfield code="a">Keine Reihe</marc:subfield>
   </marc:datafield>
   <marc:datafield ind1=" " ind2=" " tag="250">
      <marc:subfield code="a">1. Auflage</marc:subfield>
   </marc:datafield>
   <marc:datafield ind1="1" ind2=" " tag="520">
      <marc:subfield code="a">Angaben aus der Verlagsmeldung &#xD;
&#xD;
 &#xD;
&#xD;
  Auf alles vorbereitet - Lifehacks für unterwegs : Wie ein Haargummi jede Reise rettet und 299 andere unentbehrliche Tipps &amp; Kniffe  &#xD;
&#xD;
 &#xD;
&#xD;
Wer viel unterwegs ist, entdeckt im Laufe der Zeit so manchen Trick, der das Reisen entspannter macht. In diesem charmant illustrierten Buch verraten die DuMont-Reiseprofis 300 unverzichtbare Tipps und verblüffende Kniffe, die selbst Vielreisenden ein Aha entlocken.&#xD;
Wie spart man Platz im Koffer und bringt die Kleidung ohne Knitter ans Ziel? Welche technische Helfer machen den Alltag leichter und welche einfachen Dinge helfen beim Improvisieren in allen Lebenslagen?&#xD;
Ob allein unterwegs oder Familienurlaub, Kurztrip oder Weltumrundung  dieses Buch ist ein findiger und vergnüglicher Begleiter für alle Fälle.</marc:subfield>
   </marc:datafield>
   <marc:datafield ind1=" " ind2=" " tag="020">
      <marc:subfield code="a">9783770184804</marc:subfield>
      <marc:subfield code="9">9783770184804</marc:subfield>
   </marc:datafield>
   <marc:datafield ind1=" " ind2=" " tag="020">
      <marc:subfield code="a">3770184807</marc:subfield>
      <marc:subfield code="9">3770184807</marc:subfield>
   </marc:datafield>
   <marc:datafield ind1=" " ind2=" " tag="041">
      <marc:subfield code="a">ger</marc:subfield>
   </marc:datafield>
   <marc:datafield ind1=" " ind2=" " tag="338">
      <marc:subfield code="a">Band</marc:subfield>
   </marc:datafield>
   <marc:datafield ind1=" " ind2=" " tag="300">
      <marc:subfield code="a">160 S.</marc:subfield>
   </marc:datafield>
</marc:record>
